Loading...

When did the buddha live?: the controversy on the dating of the buddha/

Bibliographic Details
Format: Printed Book
Published: Delhi: Sri Satguru Publications, 1995.
Series:Bibliotheca Indo- Buddhica series no.- 165
Subjects:
LEADER 00693 a2200157 4500
082 |a 294.363  |b HEI/W 
245 |a When did the buddha live?:  |b the controversy on the dating of the buddha/  |c edited by Heinz Bechert. 
260 |b Sri Satguru Publications,  |a  Delhi:  |c 1995. 
300 |a 387p. 
490 |a Bibliotheca Indo- Buddhica series no.- 165 
500 |a Selected papers based on a symposium held under the auspices of the academy of sciences in Gottingen 
650 |a Buddhism  |9 16156 
650 |a Religion  |9 16157 
942 |c BK 
999 |c 54710  |d 54710 
952 |0 0  |1 0  |4 0  |6 294_363000000000000_HEI_W  |7 0  |9 78560  |a SSUS  |b SSUS  |c STACKS  |d 2015-07-22  |g 1200.00  |o 294.363 HEI/W  |p 084706  |r 2015-07-22  |w 2015-07-22  |y BK